Logo BPK

Biblioteka

Politechniki Koszalińskiej

Socjologia turystyki / (Rekord nr 54031)

Szczegóły MARC
000 -ETYKIETA REKORDU
podpole kontrolne o stałej długości 00673nam a2200217 i 4500
001 - NUMER KONTROLNY REKORDU
pole kontrolne bg
020 ## - MIĘDZYNARODOWY ZNORMALIZOWANY NUMER KSIĄŻKI - ISBN
ISBN 8392028155
040 ## - ŹRÓDŁO KATALOGOWANIA
Instytucja, która utworzyła rekord BPK
041 0# - KOD JĘZYKA
Kod języka tekstu pol
044 ## - KOD KRAJU WYDAWCY/PRODUCENTA
Kod kraju wydawcy/producenta pol
080 ## - UNIWERSALNA KLASYFIKACJA DZIESIĘTNA - UKD
UKD 338.482:316
920 ## - Międzynarodowy znormalizowany numer książki – ISBN
ISBN 83-920281-5-5
008 - POLE O STAŁEJ DŁUGOŚCI - DANE KONTROLNE
podpole kontrolne o stałej długości s pl f |000 0 pol
100 1# - NAZWA OSOBOWA
Nazwa osobowa Suprewicz, Jerzy Czesław.
245 0# - TYTUŁ/ODPOWIEDZIALNOŚĆ
Tytuł Socjologia turystyki /
Pozostałe elementy strefy tytułu i oznaczenia odpowiedzialności Jerzy Czesław Suprewicz.
260 ## - STREFA ADRESU WYDAWNICZEGO
Miejsce wydania Lublin :
Nazwa wydawcy/dystrybutora Wydawnictwo Akademickie Wyższej Szkoły Społeczno-Przyrodniczej,
Data publikacji, dystrybucji/powstania dokumentu 2005.
300 ## - STREFA OPISU FIZYCZNEGO
Objętość 366 s. ;
Rozmiary 24 cm.
650 #9 - HASŁO PRZEDMIOTOWE W FORMIE NAZWY OGÓLNEJ LUB JEDNOSTKOWEJ
Nazwa ogólna lub geograficzna Turystyka
Określnik ogólny socjologia
856 ## - LOKALIZACJA I DOSTĘP DO ELEKTRONICZNYCH DOKUMENTÓW ZDALNYCH
Link (URL) http://koha.tu.koszalin.pl/cgi-bin/koha/opac-detail.pl?biblionumber=54031
Tekst linku Katalog online BPK
942 ## - DODATKOWE ELEMENTY (KOHA)
Typ dokumentu Książka
Egzemplarze
Wycofany Status egzemplarza Uszkodzony Dostępność Lokalizacja stała Lokalizacja bieżąca Miejsce przechowywania Sygnatura Kod kreskowy Dział Typ dokumentu Ostatnio wypożyczono
      Tylko na miejscu Biblioteka Politechniki Koszalińskiej Biblioteka Politechniki Koszalińskiej Czytelnia Wydziałowa ul. Kwiatkowskiego 6e 84908 02370200 338.48 Ekonomika i organizacja turystyki Książka  
      Dostępny Biblioteka Politechniki Koszalińskiej Biblioteka Politechniki Koszalińskiej Wypożyczalnia BG 84909 02370194   Książka 19.07.2019
© 2023 Biblioteka Politechniki Koszalińskiej :: KOHA